| 000 | 00397cam a2200157ua 4500 | ||
|---|---|---|---|
| 041 |
_aeng _h |
||
| 082 |
_a690.89 _bWHI/AG |
||
| 100 | _aWhitaker, James.H . | ||
| 245 |
_aAgricultural building structures / _cH.James Whitaker. _hTextual Documents |
||
| 250 |
_a1 / _b. |
||
| 260 |
_a : _bReston publishing co. , _c1979. |
||
| 300 | _a530 ; . | ||
| 504 | _a | ||
| 942 | _cBK | ||
| 999 |
_c1594 _d1594 |
||